| 000 | 00450nam a2200157 i 4500 | ||
|---|---|---|---|
| 001 | 50695 | ||
| 003 | ES-MaACL | ||
| 005 | 20230906162224.0 | ||
| 007 | t| | ||
| 008 | 030806s1978 sp ||||1| spa d | ||
| 100 | 1 |
_aCudos Samblancat, Vicente. _941967 |
|
| 245 | 1 | 0 |
_aCálculo de estructuras de acero / _cVicente Cudos Samblancat. |
| 260 |
_aMadrid : _bBlume, _c[1978] |
||
| 300 |
_a2 v. : _bil. ; _c31 cm. |
||
| 852 |
_aES-MaACL _jA-10706-7 _bR.100154 |
||
| 999 |
_c50695 _d50695 |
||